Vista normal Vista MARC

Entrada Topical Term

Número de registros utilizados en: 1

001 - CONTROL NUMBER

  • control field: 60365

003 - CONTROL NUMBER IDENTIFIER

  • control field: OSt

005 - DATE AND TIME OF LATEST TRANSACTION

  • control field: 20250619155925.0

008 - FIXED-LENGTH DATA ELEMENTS

  • fixed length control field: 250619|| aca||aabn | a|a d

040 ## - CATALOGING SOURCE

  • Original cataloging agency: OSt
  • Transcribing agency: OSt

150 ## - HEADING--TOPICAL TERM

  • Topical term or geographic name entry element: Ecología marina
  • General subdivision: Enseñanza

670 ## - SOURCE DATA FOUND

  • Source citation: Work cat.: (OSt)57342: Green, Jen 1955-, Los océanos en 30 segundos









Instituto Departamental de Cultura del Meta - Red Departamental de Bibliotecas Públicas del Meta.